Score 0/38 Timer 07:00
0 Plays Today
Hint Answer % Correct
Hand out cardsDEAL
97.3%
Dinner or lunchMEAL
97.3%
Animal fleshMEAT
94.6%
To whisk egg whitesBEAT
92.3%
ʬ One of the Great Lakes ʬʬERIEʬ
91.2%
Smirk; smileGRIN
90.9%
Rush Hour's JackieCHAN
90%
Apple remnantCORE
89.7%
Wine bottle topperCORK
89.6%
Roberts portrayed BrockovichERIN
89.4%
Abel's murdererCAIN
89.4%
Soft French cheeseBRIE
89.1%
Baby bedCRIB
88.7%
Labatt or CoorsBEER
88.5%
Notable Leno featureCHIN
86.9%
To build a leadGAIN
85.8%
ʬ Salty Israeli 'Sea' ʬʬDEADʬ
85.4%
ʬ Canadian Great ____ Lake ʬʬBEARʬ
85.1%
Kitchen stafferCOOK
84.6%
Hint Answer % Correct
Hen's houseCOOP
83.2%
Deadliest Catch's catchCRAB
83.2%
One from Saudi or YemenARAB
80.8%
Small skin openingPORE
80.1%
Uncle Remus' RabbitBR'ER
75.8%
Blood rivalCRIP
75.5%
Corn, wheat or riceCROP
75.2%
Charlie Sheen's goddess OlsenBREE
74.6%
Referring to the mouthORAL
71.5%
ʬ Large African Lake ʬʬCHADʬ
70.4%
Arkin or AldaALAN
69.6%
Group of WoW playersCLAN
69.4%
Wearing; robed inCLAD
67.5%
ʬ Drying up Kazakh 'Sea' ʬʬARALʬ
63.8%
Structure for cremationPYRE
45.1%
Second largest Algerian cityORAN
44.4%
ʬ Muscat's Country's Gulf ʬʬOMANʬ
40.9%
Tolkien's Undying LandsAMAN
35.8%
ʬ Largest Australian Lake ʬʬEYREʬ
22.9%

Today's Daily Dose

Remove Ads.
Support Sporcle.
Get the best of Sporcle when you Go Orange. This ad-free experience offers more features, more stats, and more fun while also helping to support Sporcle. Thank you for becoming a member.

You're not logged in!

Compare scores with friends on all Sporcle quizzes.
OR
Log In

Show Comments

Extras

Top Quizzes Today


Score Distribution

Your Account Isn't Verified!

In order to create a playlist on Sporcle, you need to verify the email address you used during registration. Go to your Sporcle Settings to finish the process.

Report this User

Report this user for behavior that violates our Community Guidelines.

Details: